LEADER 01977oam 2200517I 450 001 9910706509003321 005 20171218152538.0 035 $a(CKB)5470000002457362 035 $a(OCoLC)1015684098 035 $a(OCoLC)995470000002457362 035 $a(EXLCZ)995470000002457362 100 $a20171218j201710 ua 0 101 0 $aeng 135 $aurmn||||||||| 181 $ctxt$2rdacontent 182 $cc$2rdamedia 183 $acr$2rdacarrier 200 10$aUsing model-based systems engineering to provide artifacts for NASA project life-cycle and technical reviews /$fEdith L. Parrott and Karen J. Weiland 210 1$aCleveland, Ohio :$cNational Aeronautics and Space Administration, Glenn Research Center,$dOctober 2017. 215 $a1 online resource (29 pages) $ccolor illustrations 225 1 $aNASA/TM ;$v2017-219575 300 $a"October 2017." 300 $a"AIAA-2017-5299." 300 $a"Prepared for the Space Forum sponsored by AIAA Orlando, Florida, September 12-14, 2017." 320 $aIncludes bibliographical references (page 29). 517 3 $aUsing model-based systems engineering to provide artifacts for National Aeronautics and Space Administration project life-cycle and technical reviews 606 $aSystems engineering$2nasat 606 $aSchedules$2nasat 606 $aSystems management$2nasat 606 $aSystems integration$2nasat 606 $aEducation$2nasat 615 7$aSystems engineering. 615 7$aSchedules. 615 7$aSystems management. 615 7$aSystems integration. 615 7$aEducation. 700 $aParrott$b Edith L.$01411996 702 $aWeiland$b Karen J. 712 02$aNASA Glenn Research Center, 801 0$bGPO 801 1$bGPO 801 2$bGPO 906 $aBOOK 912 $a9910706509003321 996 $aUsing model-based systems engineering to provide artifacts for NASA project life-cycle and technical reviews$93504385 997 $aUNINA LEADER 04203nam 2200673 450 001 9910813988403321 005 20200903223051.0 010 $a90-04-28164-9 024 7 $a10.1163/9789004281646 035 $a(CKB)2670000000571209 035 $a(EBL)1815778 035 $a(SSID)ssj0001347344 035 $a(PQKBManifestationID)11788629 035 $a(PQKBTitleCode)TC0001347344 035 $a(PQKBWorkID)11350281 035 $a(PQKB)10199487 035 $a(MiAaPQ)EBC1815778 035 $a(OCoLC)884242826$z(OCoLC)891567052 035 $a(nllekb)BRILL9789004281646 035 $a(Au-PeEL)EBL1815778 035 $a(CaPaEBR)ebr10953613 035 $a(CaONFJC)MIL651307 035 $a(OCoLC)893333654 035 $a(PPN)184915473 035 $a(EXLCZ)992670000000571209 100 $a20141021h20152015 uy 0 101 0 $aeng 135 $aur|n|---||||| 181 $ctxt 182 $cc 183 $acr 200 04$aThe divine courtroom in comparative perspective /$fedited by Ari Mermelstein and Shalom E. Holtz 210 1$aLeiden, Netherlands :$cBrill,$d2015. 210 4$dİ2015 215 $a1 online resource (314 p.) 225 1 $aBiblical Interpretation Series,$x0928-0731 ;$vVolume 132 300 $aIncludes index. 311 $a90-04-28163-0 311 $a1-322-20027-0 320 $aIncludes bibliographical references and index. 327 $tPreliminary Material -- $t1 Introduction: The Divine Courtroom in Comparative Perspective /$rAri Mermelstein and Shalom E. Holtz -- $t2 Divine Judges on Earth and in Heaven /$rTzvi Abusch -- $t3 The Divine Courtroom Scenes of Daniel 7 and the Qumran Book of Giants: A Textual and Contextual Comparison /$rJoseph L Angel -- $t4 Justice without Judgment: Pure Procedural Justice and the Divine Courtroom in Sifre Deuteronomy /$rChaya Halberstam -- $t5 Rabbi Nissim of Girona on the Heavenly Court, Truth, and Justice /$rWarren Zev Harvey -- $t6 The Divine Courtroom Motif in the Hebrew Bible: A Holistic Approach /$rJob Y. Jindo -- $t7 Getting Perspective: The Divine Courtroom in Tertullian of Carthage?s Apologeticum /$rMeira Z. Kensky -- $t8 Disqualified Olympians: The Skeptical Greek View of Divine Judges /$rVictor Bers and Adriaan Lanni -- $t9 A Life of Jesus as Testimony: The Divine Courtroom and the Gospel of John /$rAndrew T. Lincoln -- $t10 Trying the Crime of Abuse of Royal Authority in the Divine Courtroom and the Incident of Naboth?s Vineyard /$rF. Rachel Magdalene -- $t11 The Invention of the Divine Courtroom in the Book of Job /$rCarol A. Newsom -- $t12 The Q??? Before the Judge: The Social Use of Eschatology in Muslim Courts /$rMathieu Tillier -- $t13 Lawsuits against God in Rabbinic Literature /$rDov Weiss -- $tIndex of Primary Sources. 330 $aContributors to The Divine Courtroom in Comparative Perspective treat one of the most pervasive religious metaphors, that of the divine courtroom, in both its historical and thematic senses. In order to shed light on the various manifestations of the divine courtroom, this volume consists of essays by scholars of the ancient Near East, Hebrew Bible, Second Temple Judaism, early Christianity, Talmud, Islam, medieval Judaism, and classical Greek literature. Contributions to the volume primarily center upon three related facets of the divine courtroom: the role of the divine courtroom in the earthly legal system; the divine courtroom as the site of historical justice; and the divine courtroom as the venue in which God is called to answer for his own unjust acts. 410 0$aBiblical interpretation series ;$vVolume 132. 606 $aComparative religious law$vCongresses 606 $aReligion and justice$vCongresses 606 $aJustice$xReligious aspects$vCongresses 615 0$aComparative religious law 615 0$aReligion and justice 615 0$aJustice$xReligious aspects 676 $a202/.117 702 $aMermelstein$b Ari 702 $aHoltz$b Shalom E. 801 0$bMiAaPQ 801 1$bMiAaPQ 801 2$bMiAaPQ 906 $aBOOK 912 $a9910813988403321 996 $aThe divine courtroom in comparative perspective$94023643 997 $aUNINA